<?xml version="1.0" encoding="UTF-8"?>
<marc:record xmlns:marc="http://www.loc.gov/MARC21/slim">
   <marc:leader>00000nam a2200000 a 4500</marc:leader>
   <marc:datafield ind1="1" ind2=" " tag="100">
      <marc:subfield code="a">Winehouse, Amy</marc:subfield>
   </marc:datafield>
   <marc:datafield ind1="1" ind2=" " tag="100">
      <marc:subfield code="a">Kapadia, Asif</marc:subfield>
   </marc:datafield>
   <marc:datafield ind1="0" ind2="0" tag="245">
      <marc:subfield code="a">Amy - The girl behind the name</marc:subfield>
   </marc:datafield>
   <marc:datafield ind1="0" ind2="0" tag="245">
      <marc:subfield code="c">Asif Kapadia</marc:subfield>
   </marc:datafield>
   <marc:datafield ind1=" " ind2="1" tag="264">
      <marc:subfield code="a">München</marc:subfield>
      <marc:subfield code="b">Prokino Filmverleih</marc:subfield>
      <marc:subfield code="c">2015</marc:subfield>
   </marc:datafield>
   <marc:datafield ind1="1" ind2=" " tag="520">
      <marc:subfield code="a">Ein herausragendes Porträt über eine der größten Musikerinnen unserer Zeit – ausgezeichnet mit dem Oscar als Bester Dokumentarfilm.&#xD;
Amy Winehouse, die Beehive-Ikone mit der unvergleichlichen Soulstimme, die mit ihren persönlichen Texten Millionen Menschen bewegte und sechs Grammys mit nach Hause nahm. Dieselbe Amy, deren Drogenexzesse die Schlagzeilen weit über England hinaus bestimmten und die mit 27 Jahren viel zu früh die Bühne des Lebens verlassen musste. Eine Ausnahmekünstlerin mit einer unendlichen Leidenschaft für die Musik und einem ganz eigenen Kopf, angetrieben von dem unersättlichen Verlangen, geliebt zu werden.&#xD;
&#xD;
Über eine Stunde Bonusmaterial:&#xD;
- Zusätzliche Szenen&#xD;
- Performances (Rehab, Love Is A Losing Game, You know I'm No Good)&#xD;
- Interviews&#xD;
- Featurette&#xD;
- Trailer&#xD;
&#xD;
&#xD;
Pressezitate:&#xD;
„Ein liebevolles, intimes Porträt” THE HOLLYWOOD REPORTER&#xD;
„Der Film ist ein Muss für Fans.“ ZDF HEUTE&#xD;
„So nah ist man ihr noch nie gekommen.“ ARD BRISANT&#xD;
„Eine außergewöhnliches, kraftvolles Werk” INDIEWIRE</marc:subfield>
   </marc:datafield>
   <marc:datafield ind1=" " ind2=" " tag="020">
      <marc:subfield code="a">4009750217665</marc:subfield>
      <marc:subfield code="9">4009750217665</marc:subfield>
   </marc:datafield>
   <marc:datafield ind1="0" ind2=" " tag="490">
      <marc:subfield code="v">0</marc:subfield>
   </marc:datafield>
   <marc:datafield ind1=" " ind2=" " tag="300">
      <marc:subfield code="a">1 DVD</marc:subfield>
   </marc:datafield>
</marc:record>
